| 000 | 01558nam a2200373 c 4500 | ||
|---|---|---|---|
| 003 | BLK | ||
| 005 | 20250415174701.0 | ||
| 008 | 180410b bul|||||r ||||||| ||bul|| | ||
| 010 | _aKNG00154913000 | ||
| 020 |
_a978-619-165-005-7 _bиздат.: Ергон |
||
| 040 | _aBLK | ||
| 041 |
_aBUL _cBUL |
||
| 072 | 7 |
_2bullib _aН8300 _xРомантична проза Н |
|
| 080 |
_aАмериканска литература (на САЩ) _b821.111(73) _x-31 _z821.111(73)-31 |
||
| 100 | 1 |
_aКлейпас, Лайза _eпърви автор _979634 |
|
| 700 | 1 |
_aРайкова, Диана Христова _eпрев. от англ. _9368973 |
|
| 139 |
_aКлейпас, Лайза _bК 63 |
||
| 245 | 1 | 0 |
_aЖенени до сутринта _bРоман _cЛайза Клейпас; прев. от англ. Диана Христова Райкова. |
| 257 | _aUSA | ||
| 260 |
_аСофия _bЕргон _c2013 _fСофия : Инвестпрес |
||
| 300 |
_a320 с. _c20 см |
||
| 380 | _aX | ||
| 490 | 1 | _aБиблиотека Любов и Съдба | |
| 490 | 1 |
_3Подсерия _aСага Хатауей _vКн. 4 |
|
| 500 | _aОриг. загл. Married by Morning / Lisa Kleypas. - Съдържа и за авт. Кн. 4 от сагата "Хатауей". | ||
| 653 | _aромантична проза | ||
| 659 | _aН | ||
| 852 | _aЦб 267710 | ||
| 856 | 4 |
_qpdf _u |
|
| 856 | 4 |
_qpdf _u |
|
| 942 |
_cKNG _n0 _042 |
||
| 944 |
_aCR _c27.12.2013 _lЦветелина Шанова _k30531 |
||
| 944 |
_aED _c03.01.2014 _lф / _k |
||
| 999 |
_c148688 _d148688 |
||